000 00666cam a22002053a 4500
001 39195
003 PGUSA
005 20140828083854.0
008 120318s2012||||xxu|||||s|||||000 | eng d
040 _aPGUSA
_beng
042 _adc
100 1 _aWestervelt, W. D.
_q(William Drake),
_d1849-1939
245 1 0 _aLegends of Gods and Ghosts (Hawaiian Mythology) :
_bCollected and Translated from the Hawaiian
_h[electronic resource] /
_cW. D. Westervelt
260 _bProject Gutenberg,
_c2012
506 _aPublic domain in the USA.
516 _aElectronic text
830 0 _aProject Gutenberg
_v39195
856 4 0 _uhttp://www.gutenberg.org/ebooks/39195
942 _cEB
999 _c268448
_d268448